00525nam a2200181Ii 450000100060000000300090000600800410001504000330005604100080008908200170009710000390011424500300015326400670018330000120025033600260026233700280028833800270031619290CO-ViMGA241108s9999||||xx |||||||||||||| ||und|| aCO-ViMGAbspaerdacCO-ViMGA0 aspa04a060.68 C65me1 aMaría Angela Holguín Cuéllar10aMemorias al Congreso 2011 1aBogotá, Colombia : Ministerio de Relaciones Exteriores, 2011 avolumen atextbtxt2rdacontent aunmediatedbn2rdamedia avolumebnc2rdacarrier